Leve espuma : selección de miniaturas líricas españolas e hispanoamericanas /

Guardado en:
Detalles Bibliográficos
Autor principal: García Prada, Carlos (selec.)
Formato: Libro
Idioma:Español
Publicado: México : Andrea, 1957, c1957
Colección:(Studium ; 17)
Temas:
Etiquetas: Agrega una etiqueta
Sin etiquetas, Sé el primero en etiquetar este registro!

MARC

LEADER 00000nam^a2200000^a^4500
001 000125742
005 20250521000000.0
009 20260310094701.528
037 |a Acervo ITESO - Biblioteca 
041 |a ESP 
082 |a 861.  |b GAR 
100 |a García Prada, Carlos  |e (selec.) 
245 1 0 |a Leve espuma :  |b selección de miniaturas líricas españolas e hispanoamericanas /  |c Selec. de C. García Prada. 
264 4 |a México :  |b Andrea,  |c 1957, c1957 
300 |a 123 p. 
336 |a texto  |b txt  |2 rdacontenido 
337 |a sin mediación  |b n  |2 rdamedio 
338 |a volumen  |b nc  |2 rdasoporte 
440 1 |a (Studium ;  |v 17) 
649 |a XX 
650 |a Poesía Española 
650 |a Poesía Iberoamericana 
650 |a Literatura Española 
650 |a Literatura Iberoamericana 
910 |a Fondo Salvador Reynoso Reynoso 
920 |a Impresos - Libros 
930 |a Fondos Especiales 
940 |a Literatura 
905 |a 112 
901 |a 0800008334  |b IT2  |c ESP  |u 20250521 
902 |a https://opac.biblio.iteso.mx/vufind/Record/000125742